Ethnic Groups by Country Quiz #3 - Statistics

General Stats
  • This quiz has been taken 306 times
  • The average score is 14 of 21
Answer Stats
Group Country % Correct
Koreans South Korea
95%
Han China
93%
Scots United Kingdom
93%
Aborigines Australia
91%
Amish United States
90%
Corsicans France
88%
Chechens Russia
86%
Andalusians Spain
85%
Walloons Belgium
78%
Abyssinians Ethiopia
69%
Malagasy Madagascar
66%
Mohawks Canada
65%
Sindhis Pakistan
65%
Azeris Iran
63%
Sundanese Indonesia
61%
Rapa Nui Chile
57%
Kannadigas India
45%
Sorbs Germany
37%
Tuareg Nigeria
29%
Roma Egypt
19%
Rusyns Slovakia
19%
No matching quizzes found
Score Distribution
Percent of People with Each Score
Percentile by Number Answered
Your Score History
You have not taken this quiz